1599 1229 1730 1154 1340 1432 1444 1216 1978 1157 1668 1598 1009 1502 1808 1393 1024 1987 1166 1269 1562 1124 1597 1152 1929 1338 1105 1677 1444 1327 1800 1658 1343 1579 1786 1015 1551 1353 1481 1722 1817 1005 1995 1038 1861 1690 1086 1485 1994 1938 1913 1127 1094 1611 1987 1985 1391 1726 1672 1825 1129 1192 1864 1645 1741 1636 1537 1116 1243 1206 1059 1033 1181 1837 1524 1386 1176 1870 1256 1897 1096 1651 1296 1264 1494 1770 1661 1003 1564 1696 1501 1741 1660 1717 1124 1913 1146 1854 1330 BCNSPRNW ULIB Ver.6.0+V

เปลี่ยนเป็นภาษาไทย

Change to English
 แสดงรายละเอียดบรรณานุกรม
  กลับหน้าหลัก

Brief Record : Get Marc (ISO 2709) : E-mail record : QR code < ปิดหน้าต่าง
LEADER : 00000nam 2200000uu 4500
001    13399128078
003     ULIB
008    220509s2564||||th 000 0 tha d
020    ^a9786163985774^c280
060  4 ^aWY160^bข269ก
100 0  ^aขวัญพนมพร ธรรมไทย
245 10 ^aการพยาบาลจิตเวชและสุขภาพจิตในกลุ่มที่เลือกสรร :^bบุคลิกภาพผิดปกติ พฤติกรรมก้าวร้าวและการถูกทารุณกรรม /^cขวัญพนมพร ธรรมไทย
260    ^aเชียงใหม่ :^bคณะพยาบาลศาสตร์ มหาวิทยาลัยเชียงใหม่,^c2565
300    ^a160 หน้า
650  4 ^aการพยาบาลจิตเวชศาสตร์
650  4 ^aบุคลิกภาพผิดปกติ^xการพยาบาล
650  4 ^aสุขภาพจิต
710 2  ^aมหาวิทยาลัยเชียงใหม่.^bคณะพยาบาลศาสตร์.
945    ^p280^l0^i29242
945    ^p280^l0^i29243
945    ^p280^l0^i29244
945    ^p280^l0^i29245
945    ^p280^l0^i29246
999    ^aกัณชพร จุลอักษร
รายการนี้ยังไม่มีแท็ก
คุณยังไม่ได้ล็อกอิน คุณสามารถมีกิจกรรมร่วมกับเว็บไซต์ได้ แต่ต้องล็อกอินก่อน ::
  ล็อกอิน

รายการสื่อสารสนเทศ

ลำดับที่ ประเภท เลขเรียก/บาร์โค้ด สถานที่ สถานะ
1. หนังสือสำรอง
หนังสือสำรอง
WY160 ข269ก ฉ.1 
  Barcode: 29242
ห้องสมุดวิทยาเขตสวรรค์ประชารักษ์
►หนังสือทั่วไป
บนชั้น
2. วิทยาศาสตร์การแพทย์ และสุขภาพ
วิทยาศาสตร์การแพทย์ และสุขภาพ
WY160 ข269ก ฉ.2 
  Barcode: 29243
ห้องสมุดวิทยาเขตสวรรค์ประชารักษ์
►หนังสือทั่วไป
บนชั้น
3. วิทยาศาสตร์การแพทย์ และสุขภาพ
วิทยาศาสตร์การแพทย์ และสุขภาพ
WY160 ข269ก ฉ.3 
  Barcode: 29244
ห้องสมุดวิทยาเขตสวรรค์ประชารักษ์
►หนังสือทั่วไป
บนชั้น
4. วิทยาศาสตร์การแพทย์ และสุขภาพ
วิทยาศาสตร์การแพทย์ และสุขภาพ
WY160 ข269ก ฉ.4 
  Barcode: 29245
ห้องสมุดวิทยาเขตสวรรค์ประชารักษ์
►หนังสือทั่วไป
บนชั้น
5. วิทยาศาสตร์การแพทย์ และสุขภาพ
วิทยาศาสตร์การแพทย์ และสุขภาพ
WY160 ข269ก ฉ.5 
  Barcode: 29246
ห้องสมุดวิทยาเขตสวรรค์ประชารักษ์
►หนังสือทั่วไป
บนชั้น

รายการใกล้เคียง
    ผู้แต่ง [ขวัญพนมพร ธรรมไทย]

    หัวเรื่อง [การพยาบาลจิตเวชศาสตร์]
    หัวเรื่อง [สุขภาพจิต]

BibComment


ยังไม่เคยถูกคอมเมนท์

คอมเมนท์ทรัพยากรรายการนี้
  คอมเมนท์: การพยาบาลจิตเวชแ..


 Copyright 2026. Bcnsprnw @Library